000 01108nam a2200217Ia 4500
999 _c40346
_d40346
001 6954
003 GE_BSU
005 20191018165146.0
008 181216s1990||||g |||||||||||||| ||geo||
040 _cGE_BSU
041 _ageo
080 _a821-7 ე-64
245 _aენამახვილი გენიოსები /
_cშეკრიბა და თარგმნა შოთა ამირანაშვილმა ; რედ. ქეთინო ახვლედიანი ; მხატვ. გიორგი ინასარიძე.
264 _aთბილისი :
_bხელოვნება ;
_c1990.
300 _a96 გვ. ;
_c20 სმ.
653 _aენამახვილი გენიოსები
700 _a ამირანაშვილმა, შოთა
_eშეკრიბა და თარგმნა
_94861
700 _aახვლედიანი, ქეთინო
_eრედაქტორი
_94862
700 _a ინასარიძე, გიორგი
_eმხატვარი
_94863
942 _cBK
_2udc